Truth triumphs: (Record no. 142152)

MARC details
000 -LEADER
fixed length control field 00478nam a22001697a 4500
005 - DATE AND TIME OF LATEST TRANSACTION
control field 20170629122717.0
010 ## - LCCN (DPL NO)
LC control number ENG-119045
020 ## - INTERNATIONAL STANDARD BOOK NUMBER
Terms of availability 150.00
035 ## - SYSTEM CONTROL NUMBER
System control number EN-102577
037 ## - SOURCE OF ACQUISITION
Source of stock number/acquisition DBAD/PUB
082 ## - DEWEY DECIMAL CLASSIFICATION NUMBER
Classification number 333.783
100 ## - MAIN ENTRY--PERSONAL NAME
Personal name Chowdary, T.H.
245 ## - TITLE STATEMENT
Title Truth triumphs:
Remainder of title bharat on freedom road /
Statement of responsibility, etc by T.H. Chowdary
260 ## - PUBLICATION, DISTRIBUTION, ETC. (IMPRINT)
Name of publisher, distributor, etc Sri Hanuman Mani Education & Culture Trust
Date of publication, distribution, etc 2017
300 ## - PHYSICAL DESCRIPTION
Extent x,374p
Dimensions 22cm.(pbk)
942 ## - ADDED ENTRY ELEMENTS (KOHA)
Source of classification or shelving scheme Dewey Decimal Classification
Item type English Books
Classification part 333.783
Call number suffix CHO
Holdings
Withdrawn status Lost status Not for loan Collection code Home library Current library Date acquired Source of acquisition Cost, normal purchase price Full call number Barcode Copy number Cost, replacement price Koha item type
      Non-fiction Shahdara Branch Shahdara Branch 29/06/2017 DBAD/PUB 150.00 333.783 CHO EN-102577 1 150.00 English Books

© Delhi Public Library
Hit Counter
free hit counter